| 000 | 00560cam a2200193 a 4500 | ||
|---|---|---|---|
| 020 | _a1556155875 | ||
| 040 | _cDLC | ||
| 082 | 0 | 0 | _a650 MIC 1994 A046 Or. |
| 245 | 0 | 0 | _aMicrosoft Excel 5 for Windows step by step / |
| 260 |
_aRedmond, Wash. : _bMicrosoft Press, _cc1994. |
||
| 300 |
_axxxii, 330 p. : _bill. ; _c24 cm. + _e1 computer disk (3 1/2 in.) |
||
| 490 | 1 | _aStep by step | |
| 500 | _aIncludes index. | ||
| 650 | 0 | _aBusiness | |
| 650 | 0 | _aElectronic spreadsheets. | |
| 650 | 0 | _aWindows (Computer programs) | |
| 710 | 2 | _aCatapult, Inc. | |
| 942 | _cEK | ||
| 999 |
_c13727 _d13727 |
||